000
00187 a2200097 4500
020
_a
9780545458320
041
_a
spa
100
_a
Klein, Abby
245
_a
Mostrar y contar
942
_c
BK
999
_c
13294
_d
13294